000 00580nam a2200181Ia 4500
008 090123s9999 xx 000 0 und d
082 _b34376
_a891.463/जायभि
100 _aजायभाये दि.रु.
245 _aहिरवा डोंगर
250 _a1
260 _bसुमेरु प्रकाशन
_c2000
300 _a120
600 _aजायभाये दि.रु.
630 _aहिरवा डोंगर
700 _aजायभाये दि.रु.
730 _aहिरवा डोंगर
942 _cBOOK
999 _c72432
_d72432